Human resource management : concept and planning
| Main Author: | |
|---|---|
| Format: | Book |
| Published: |
New Delhi :
Global Vision Publishing House ,
2006
|
| Subjects: |
MARC
| LEADER | 00000cam a2200000 7i4500 | ||
|---|---|---|---|
| 001 | 0000019210 | ||
| 005 | 20080614.0 | ||
| 008 | 080614 | ||
| 020 | |a 8182201780 | ||
| 090 | 0 | 0 | |a 658.3 |b KRI |
| 100 | 1 | |a Krishnamurthi, Kavita | |
| 245 | 1 | 2 | |a Human resource management : |b concept and planning |c Kavita Krishnamurthi |
| 260 | |a New Delhi : |b Global Vision Publishing House , |c 2006 | ||
| 650 | 0 | |a Personnel management | |
| 999 | |a 0001024385 |b Book |c Adult Collection |e Perbadanan Perpustakaan Awam Johor | ||
| 999 | |a 0001024386 |b Book |c Adult Collection |e Perbadanan Perpustakaan Awam Johor | ||